Nine, Ten, Eleven, or Twelve? Quiz Stats

Quiz Updated Apr 12, 2018

Challenge
Share
Tweet
Embed
Score 0/40 Timer 05:00
38 Plays Today
Question Answer Wrong Answers
Perfect _____
Top score from judges in many athletic events
Ten
92.6%
Nine
0.9%
Eleven
0.4%
Twelve
0.3%
The _____ Commandments
Fundamental Biblical principles (or a Charlton Heston Biblical epic)
Ten
92.3%
Nine
0.5%
Eleven
0.2%
Twelve
1%
7-_____
International convenience store chain
Eleven
92.2%
Nine
0.5%
Ten
0.5%
Twelve
0.8%
The _____ Days of Christmas
English Christmas Carol
Twelve
92.1%
Nine
0.5%
Ten
1.1%
Eleven
0.4%
Cloud _____
A state of euphoria
Nine
91.5%
Ten
1.1%
Eleven
1.1%
Twelve
0.2%
Ocean's _____
Frank Sinatra (or George Clooney) crime caper film
Eleven
90.2%
Nine
1.2%
Ten
0.9%
Twelve
1.7%
Cat o' _____Tails
Multi-lashed whip used for punishment
Nine
88%
Ten
3.4%
Eleven
1.5%
Twelve
1.1%
_____ Inch Nails
Industrial rock band behind 'Closer'
Nine
88%
Ten
3.7%
Eleven
0.8%
Twelve
1.6%
A Stitch in Time Saves _____
Idiom that praises preventative maintenance
Nine
87.5%
Ten
3.4%
Eleven
1.6%
Twelve
1.3%
Back or Front _____
Either half of a golf course
Nine
87.1%
Ten
3.4%
Eleven
1.7%
Twelve
1.5%
The Whole _____ Yards
Colloquialism meaning 'everything,' or a Bruce Willis crime comedy
Nine
87%
Ten
4.8%
Eleven
0.5%
Twelve
1.5%
Hang _____
Surfing maneuver involving the toes
Ten
86.8%
Nine
4.6%
Eleven
1.3%
Twelve
1.2%
Brooklyn _____-_____
Andy Samberg police sitcom
Nine
85%
Ten
3.8%
Eleven
3.5%
Twelve
1.4%
The_____ Disciples
Early followers of Christ
Twelve
84.4%
Nine
1.8%
Ten
6.7%
Eleven
1.2%
_____-Gallon Hat
Large, broad-brimmed cowboy hat
Ten
84.1%
Nine
4.2%
Eleven
1.3%
Twelve
4.3%
_____ Angry Men
Much produced courtroom play
Twelve
83.9%
Nine
2.9%
Ten
5.7%
Eleven
1.6%
_____-Pin Bowling
Standard version of bowling in US, Canada, UK, Australia
Ten
80.7%
Nine
9.8%
Eleven
0.9%
Twelve
2.6%
_____ Thousand Hours
Amount of time needed to gain mastery of a field, according to common myth
Ten
78.3%
Nine
5.4%
Eleven
3%
Twelve
6.9%
First and _____
Downage and yards for the first play of a football drive
Ten
78.3%
Nine
9.2%
Eleven
3.2%
Twelve
3%
_____ Monkeys
Brad Pitt/Bruce Willis science fiction film
Twelve
77.8%
Nine
5.4%
Ten
5.4%
Eleven
5.2%
_____ Years a Slave
Solomon Northup's autobiography, or its film adaptation
Twelve
77%
Nine
5.2%
Ten
8.2%
Eleven
3.6%
_____ Little Indians
Agatha Christie novel, renamed 'And Then There Were None'
Ten
75.8%
Nine
6.9%
Eleven
2%
Twelve
9.2%
Apollo _____
First mission to land on the moon
Eleven
72.5%
Nine
10.8%
Ten
4.3%
Twelve
6.5%
_____ Months
Hugh Grant and Julianne Moore rom-com
Nine
70.5%
Ten
1.9%
Eleven
2.3%
Twelve
19.2%
_____ O'Clock High
1949 Gregory Peck war film
Twelve
70.2%
Nine
9.5%
Ten
9%
Eleven
5.1%
_____ Step Program
Course of action for overcoming addiction
Twelve
65.3%
Nine
7%
Ten
20.2%
Eleven
1.2%
These Go to _____
Phrase associated with 'This Is Spinal Tap'
Eleven
61.9%
Nine
7.2%
Ten
15.1%
Twelve
8.9%
Finger _____
Canadian rock band known for the hit single 'One Thing'
Eleven
54.7%
Nine
14%
Ten
18.4%
Twelve
5.9%
_____ Cloverfield Lane
John Goodman horror film
Ten
53.8%
Nine
15%
Eleven
13.9%
Twelve
11.1%
First _____
Primary players for a soccer or cricket team
Eleven
52.2%
Nine
26.7%
Ten
11.2%
Twelve
3.3%
_____ Olympians
Principal deities of ancient Greece
Twelve
48.7%
Nine
15.8%
Ten
22.4%
Eleven
6.5%
Rain Before Seven, Fine Before _____
Folk weather theory
Eleven
47.1%
Nine
42%
Ten
3.6%
Twelve
1.3%
Station _____
2011 post-apocalyptic novel by Emily St. John Mandel
Eleven
43.9%
Nine
25.3%
Ten
11.7%
Twelve
12%
_____ Pipers Piping
Gift in a certain English Christmas carol
Eleven
42.4%
Nine
13.1%
Ten
27.1%
Twelve
11.7%
The _____ Days Queen
Nickname for Lady Jane Grey
Nine
42.3%
Ten
20.6%
Eleven
15%
Twelve
15.3%
_____-Bar Blues
Prominent chord progression in music
Twelve
40.6%
Nine
25%
Ten
18.6%
Eleven
8.8%
Ice-_____
Fictional world ending water configuration from Vonnegut
Nine
37.8%
Ten
21.8%
Eleven
23.5%
Twelve
9.8%
Censored _____
Infamous series of banned or edited Looney Tunes cartoons
Eleven
25.6%
Nine
24.5%
Ten
30.4%
Twelve
12.5%
_____ Lost Tribes of Israel
Tribes that were deported or exiled from ancient Israel
Ten
24.2%
Nine
15.3%
Eleven
9.3%
Twelve
44.6%
Number _____ Looks Just Like You
Classic episode of 'The Twilight Zone'
Twelve
12.3%
Nine
41.5%
Ten
21.7%
Eleven
17.9%

You're not logged in!

Compare scores with friends on all Sporcle quizzes.
Sign Up with Email
OR
Log In

You Might Also Like...

Show Comments

Extras

Top Quizzes Today


Score Distribution

Your Account Isn't Verified!

In order to create a playlist on Sporcle, you need to verify the email address you used during registration. Go to your Sporcle Settings to finish the process.

Report this User

Report this user for behavior that violates our Community Guidelines.

Details: